000 00285nam a22001337a 4500
003 SGT
082 _a603
_bS00A
100 _aAAPTE,WAMAN SHIVRAM
245 _aSANSKRIT HINDI SABDKOSH
260 _aVARANASI
_bCHAUKHAMBHA
_cSN
300 _a1440
650 _aDICTIONARY
942 _2ddc
_cBK
999 _c8526
_d8526